000 00626nam a22001937a 4500
005 20240222153709.0
010 _aENG-132198
020 _a9788178246482
_c595.00
035 _aEN-122940
037 _bDBAD/PUB
082 _a333.7516095451
100 _aPATHAK, SHEKHAR
_962420
245 _aTHE CHIPKO MOVEMENT /
_bA PEOPLE'S HISTORY
_cSHEKHAR PATHAK
260 _aRANIKHET
_bPERMANENT BLACK
_c2021
270 _aHIMALAYANA, MALL ROAD, RANIKHET CANTT
_e263645
_bRANIKHET
300 _a371p.
_bIndex
_c21CM (hbk)
700 _aEdited by Chatterjee, Partha
_962421
942 _2ddc
_cEN
_mPAT
_h333.7516095451
999 _c201000
_d201000